[Event "NAYCC U14 w"]
[Site "Montreal CAN"]
[Date "2010.08.17"]
[Round "3"]
[White "Hou, Louisa Qianqian"]
[Black "Yu, Kexin"]
[Result "0-1"]
[WhiteElo "1041"]
[BlackElo "1381"]
[PlyCount "106"]
[EventDate "2010.08.16"]
[EventType "tourn"]
[EventRounds "7"]
[EventCountry "CAN"]

1. d4 Nf6 2. Nf3 d5 3. Bg5 e6 4. Nbd2 Be7 5. e3 O-O 6. Bd3 Nbd7 7. O-O c5 8. c3
c4 9. Bc2 b5 10. a4 b4 11. cxb4 Bxb4 12. Ne5 Qc7 13. Bxf6 Nxf6 14. Re1 Bb7 15.
Qe2 a5 16. Rec1 Qe7 17. Nb1 Rfc8 18. Nc3 Ba6 19. e4 Bb7 20. f3 Rd8 21. Rd1 Nh5
22. exd5 exd5 23. Ng4 Re8 24. Qxe7 Rxe7 25. Re1 Rae8 26. Rxe7 Rxe7 27. Kf2 Nf4
28. Re1 Rxe1 29. Kxe1 Nxg2+ 30. Kf2 Nf4 31. Ne3 f6 32. Ned1 g6 33. b3 cxb3 34.
Bxb3 Kf7 35. Ke3 g5 36. Ne2 Ng6 37. Nf2 h5 38. h3 Ne7 39. Nd3 Nf5+ 40. Kf2 Bd2
41. Nc5 Bc6 42. Kg2 Be3 43. Kf1 Bxd4 44. Nxd4 Nxd4 45. Bd1 h4 46. Kf2 Ke7 47.
Nd3 Kd6 48. Ke3 Ne6 49. Nc1 Nc5 50. f4 Nxa4 51. Nb3 Nc3 52. Bc2 a4 53. Nd4 Bd7
0-1

[Event "NAYCC U14 w"]
[Site "Montreal CAN"]
[Date "2010.08.17"]
[Round "3"]
[White "Ma, Indy"]
[Black "Loranger, Erika"]
[Result "1-0"]
[WhiteElo "1283"]
[BlackElo "1096"]
[PlyCount "79"]
[EventDate "2010.08.16"]
[EventType "tourn"]
[EventRounds "7"]
[EventCountry "CAN"]

1. d4 d5 2. c4 c6 3. Nf3 Nf6 4. Nc3 Bf5 5. Bg5 h6 6. Bh4 e6 7. e3 Bb4 8. cxd5
cxd5 9. Bb5+ Nc6 10. Qa4 O-O 11. Bxc6 Bxc3+ 12. bxc3 bxc6 13. O-O Qd6 14. Bg3
Qd7 15. Ne5 Qe8 16. Qxc6 Qxc6 17. Nxc6 Kh8 18. Rfc1 Rfc8 19. Ne7 Rc7 20. Bxc7
Re8 21. Nxf5 exf5 22. Rab1 Kh7 23. Be5 Ne4 24. f3 Ng5 25. Rb7 a6 26. Kf2 f6 27.
Bxf6 Ne6 28. Be5 Kg6 29. c4 Rc8 30. c5 a5 31. c6 a4 32. Re7 a3 33. Rxe6+ Kf7
34. Rd6 Ke7 35. Rd7+ Ke8 36. Rc7 Rd8 37. Rb1 Ra8 38. Rbb7 Rd8 39. Bxg7 h5 40.
Re7# 1-0

[Event "NAYCC U14 w"]
[Site "Montreal CAN"]
[Date "2010.08.17"]
[Round "3"]
[White "Regam, Jessica"]
[Black "Yun, Chang"]
[Result "1-0"]
[WhiteElo "1941"]
[BlackElo "1521"]
[PlyCount "57"]
[EventDate "2010.08.16"]
[EventType "tourn"]
[EventRounds "7"]
[EventCountry "CAN"]

1. e4 e5 2. Nf3 Nc6 3. Bb5 a6 4. Ba4 Nf6 5. O-O Nxe4 6. d4 b5 7. Bb3 d5 8. dxe5
Be6 9. c3 Bc5 10. Bf4 g5 11. Bc1 Nxf2 12. Rxf2 Bxf2+ 13. Kxf2 g4 14. Bg5 Qd7
15. Nd4 Nxe5 16. a4 Rg8 17. Bf4 Ng6 18. Qd2 Nxf4 19. Qxf4 Ke7 20. axb5 axb5 21.
Rxa8 Rxa8 22. Na3 c6 23. Qg5+ Kf8 24. Qe5 Ke7 25. Nf5+ Kd8 26. Qh8+ Qe8 27.
Qxh7 Kc7 28. Qh6 Kb7 29. Nd6+ 1-0

[Event "NAYCC U14 w"]
[Site "Montreal CAN"]
[Date "2010.08.17"]
[Round "3"]
[White "Zhurbenskiy, Eve"]
[Black "Kalaydina, Regina Veronicka"]
[Result "0-1"]
[WhiteElo "2003"]
[BlackElo "1763"]
[PlyCount "150"]
[EventDate "2010.08.16"]
[EventType "tourn"]
[EventRounds "7"]
[EventCountry "CAN"]

1. Nf3 c5 2. g3 Nc6 3. Bg2 Nf6 4. d3 e6 5. O-O Be7 6. Nbd2 d5 7. c4 e5 8. cxd5
Nxd5 9. Nc4 f6 10. a3 Be6 11. Bd2 O-O 12. Rc1 Qd7 13. Ne3 Nc7 14. Qc2 Rac8 15.
Qb1 Nb5 16. Bc3 Ncd4 17. Bxd4 Nxd4 18. Nxd4 exd4 19. Nc4 b5 20. Nd2 c4 21. dxc4
bxc4 22. Rfd1 Bd5 23. Nf3 Bc5 24. Qa1 Qb7 25. Bh3 Bxf3 26. Bxc8 Rxc8 27. exf3
d3 28. Kg2 Bd4 29. Rd2 Qb3 30. Qb1 Rb8 31. Rcd1 Bxb2 32. a4 Bc3 33. Qxb3 Rxb3
34. Ra2 Rb2 35. Ra3 Bd4 36. a5 Rxf2+ 37. Kh3 Rc2 38. Ra4 Bc5 39. Raa1 d2 40.
Kg2 Rb2 41. Kf1 c3 42. Ke2 Bb4 43. Kd3 c2 44. Rxd2 c1=Q 45. Rxc1 Rxd2+ 46. Ke3
Bxa5 47. Ra1 Rd5 48. Ke4 Rb5 49. Rd1 Re5+ 50. Kd4 Bb6+ 51. Kc4 Kf7 52. h4 Ke6
53. g4 Re3 54. f4 Re4+ 55. Kb5 Rxf4 56. Kc6 Rc4+ 57. Kb5 Rxg4 58. Re1+ Kf7 59.
Kc6 Rxh4 60. Kd7 Rd4+ 61. Kc6 h5 62. Rh1 h4 63. Kb7 g5 64. Ka6 Kg6 65. Rh2 Kh5
66. Rh1 g4 67. Rh2 g3 68. Rh3 g2 69. Rf3 Kg5 70. Rb3 g1=Q 71. Rb5+ Kg6 72. Kb7
Qc1 73. Ka6 Ra4+ 74. Kb7 Qc7+ 75. Ka8 Qc8# 0-1

[Event "NAYCC U14 w"]
[Site "Montreal CAN"]
[Date "2010.08.17"]
[Round "4"]
[White "Kalaydina, Regina Veronicka"]
[Black "Regam, Jessica"]
[Result "1-0"]
[WhiteElo "1763"]
[BlackElo "1941"]
[PlyCount "63"]
[EventDate "2010.08.16"]
[EventType "tourn"]
[EventRounds "7"]
[EventCountry "CAN"]

1. d4 Nf6 2. c4 g6 3. Nc3 Bg7 4. e4 d6 5. Be2 O-O 6. Bg5 h6 7. Be3 Nc6 8. d5
Ne5 9. Nf3 Nfg4 10. Bc1 Nxf3+ 11. Bxf3 Ne5 12. Be2 c6 13. O-O Nd7 14. Be3 c5
15. Qd2 Kh7 16. f4 a6 17. Kh1 Qc7 18. Rae1 Rb8 19. Bd3 Qa5 20. e5 dxe5 21. f5
Qb6 22. Ne4 Qc7 23. Rf3 Nf6 24. Nxf6+ exf6 25. Rh3 h5 26. fxg6+ fxg6 27. Rxh5+
Kg8 28. Bxg6 f5 29. d6 Qc6 30. Bh6 Rf6 31. Bxg7 Rxg6 32. Bxe5 1-0

[Event "NAYCC U14 w"]
[Site "Montreal CAN"]
[Date "2010.08.17"]
[Round "4"]
[White "Loranger, Erika"]
[Black "Zhurbenskiy, Eve"]
[Result "0-1"]
[WhiteElo "1096"]
[BlackElo "2003"]
[PlyCount "64"]
[EventDate "2010.08.16"]
[EventType "tourn"]
[EventRounds "7"]
[EventCountry "CAN"]

1. e4 e5 2. Nf3 Nf6 3. Nc3 Bb4 4. Bc4 Nc6 5. d3 O-O 6. a3 Bxc3+ 7. bxc3 d5 8.
exd5 Nxd5 9. Bxd5 Qxd5 10. O-O Bg4 11. h3 Bxf3 12. Qxf3 Qxf3 13. gxf3 Rad8 14.
f4 Rfe8 15. Re1 Re6 16. Rb1 b6 17. Rb5 a6 18. Rb1 Rde8 19. Kf1 f6 20. f5 Rd6
21. f4 Kf7 22. Bd2 Rd5 23. c4 Rd7 24. Re2 Nd4 25. Re4 Nxc2 26. a4 Rxd3 27. Rd1
Red8 28. Ke2 Rxh3 29. fxe5 Rh2+ 30. Kf3 Rd3+ 31. Kg4 h5+ 32. Kf4 Rf2# 0-1

[Event "NAYCC U14 w"]
[Site "Montreal CAN"]
[Date "2010.08.17"]
[Round "4"]
[White "Ma, Indy"]
[Black "Yu, Kexin"]
[Result "1/2-1/2"]
[WhiteElo "1283"]
[BlackElo "1381"]
[PlyCount "93"]
[EventDate "2010.08.16"]
[EventType "tourn"]
[EventRounds "7"]
[EventCountry "CAN"]

1. d4 Nf6 2. c4 g6 3. Nc3 Bg7 4. e4 d6 5. Nf3 O-O 6. Be2 e5 7. O-O Nbd7 8. Be3
Ng4 9. Bg5 Qe8 10. Nd5 f6 11. Bh4 Qd8 12. h3 Nh6 13. Qb3 c6 14. Ne3 Kh8 15.
Rfd1 exd4 16. Rxd4 Nc5 17. Qd1 Qc7 18. Rxd6 Nxe4 19. Rd3 Be6 20. Qc2 g5 21. Rb3
Nc5 22. Bg3 Qf7 23. Ra3 Rfe8 24. Bd6 Bf8 25. Bxf8 Qxf8 26. Rc3 Bf7 27. Bd3 Nxd3
28. Qxd3 Bg6 29. Qf1 Rad8 30. Rd1 Be4 31. Rxd8 Rxd8 32. Qe2 Nf7 33. Ng4 f5 34.
Nf6 Bxf3 35. Qxf3 Nd6 36. Nh5 Qf7 37. b3 Qg6 38. Re3 Ne4 39. Ng3 Nxg3 40. fxg3
Qf6 41. Qe2 Rf8 42. Re7 f4 43. gxf4 Qxf4 44. Rxb7 Qc1+ 45. Kh2 Qf4+ 46. Kg1
Qc1+ 47. Kh2 1/2-1/2

[Event "NAYCC U14 w"]
[Site "Montreal CAN"]
[Date "2010.08.17"]
[Round "4"]
[White "Yun, Chang"]
[Black "Hou, Louisa Qianqian"]
[Result "1-0"]
[WhiteElo "1521"]
[BlackElo "1041"]
[PlyCount "69"]
[EventDate "2010.08.16"]
[EventType "tourn"]
[EventRounds "7"]
[EventCountry "CAN"]

1. e4 c5 2. Nf3 d6 3. d4 cxd4 4. Nxd4 Nf6 5. Nc3 g6 6. Be3 Bg7 7. f3 O-O 8. Qd2
Nc6 9. O-O-O Re8 10. g4 Bd7 11. g5 Nh5 12. Nb3 Ne5 13. f4 Bg4 14. fxe5 Bxd1 15.
Qxd1 Bxe5 16. Be2 Ng7 17. h4 a5 18. a4 Rc8 19. Nd5 Rf8 20. Bb5 Ra8 21. Nb6 Bf4
22. Qd2 Qxb6 23. Bxb6 Bxd2+ 24. Kxd2 Ne6 25. Nxa5 Rab8 26. b4 f6 27. gxf6 Rxf6
28. Bc4 Kf7 29. Ke3 Rc8 30. Bd4 Rxc4 31. Nxc4 Nxd4 32. Kxd4 Rf2 33. c3 Kf6 34.
Na5 b6 35. Nc4 1-0

[Event "NAYCC U14 w"]
[Site "Montreal CAN"]
[Date "2010.08.18"]
[Round "5"]
[White "Hou, Louisa Qianqian"]
[Black "Zhurbenskiy, Eve"]
[Result "0-1"]
[WhiteElo "1041"]
[BlackElo "2003"]
[PlyCount "80"]
[EventDate "2010.08.16"]
[EventType "tourn"]
[EventRounds "7"]
[EventCountry "CAN"]

1. d4 d5 2. Nf3 Nf6 3. Bg5 Bf5 4. Nbd2 Nbd7 5. e3 e6 6. Bd3 Bxd3 7. cxd3 Be7 8.
O-O O-O 9. Rc1 Rc8 10. a3 h6 11. Bxf6 Bxf6 12. Re1 c5 13. b3 cxd4 14. Nxd4 Bxd4
15. exd4 Qb6 16. Nf3 Rxc1 17. Qxc1 Qxb3 18. Rd1 Nb6 19. h3 Rc8 20. Qa1 Rc3 21.
Rc1 Rxd3 22. Ne5 Rd2 23. Rb1 Qa2 24. Qxa2 Rxa2 25. Rb3 Nc4 26. Rxb7 Nxe5 27.
dxe5 Rxa3 28. f4 Ra2 29. Rd7 Kf8 30. g4 Ke8 31. Rb7 g6 32. Rb5 a5 33. f5 gxf5
34. gxf5 exf5 35. Rxd5 Ke7 36. Rd6 h5 37. Rf6 a4 38. Rxf5 a3 39. Rxh5 Ra1+ 40.
Kf2 a2 0-1

[Event "NAYCC U14 w"]
[Site "Montreal CAN"]
[Date "2010.08.18"]
[Round "5"]
[White "Regam, Jessica"]
[Black "Loranger, Erika"]
[Result "1-0"]
[WhiteElo "1941"]
[BlackElo "1096"]
[PlyCount "123"]
[EventDate "2010.08.16"]
[EventType "tourn"]
[EventRounds "7"]
[EventCountry "CAN"]

1. e4 e5 2. Nf3 Nc6 3. Bb5 Nf6 4. O-O Nxe4 5. d4 Bd6 6. Re1 Nf6 7. dxe5 Bxe5 8.
Nxe5 O-O 9. Nxc6 dxc6 10. Bd3 Be6 11. Nc3 Qe7 12. Bf5 Rad8 13. Qe2 Rfe8 14.
Bxe6 Qxe6 15. Qxe6 Rxe6 16. Rxe6 fxe6 17. Bf4 Rd7 18. Kf1 Re7 19. Rd1 e5 20.
Bg5 Rf7 21. Rd8+ Rf8 22. Bxf6 gxf6 23. Rxf8+ Kxf8 24. Ke2 Ke7 25. Kf3 Ke6 26.
Ne4 b6 27. g4 h6 28. Kg3 f5 29. gxf5+ Kxf5 30. f3 h5 31. Nf2 a5 32. Nd3 c5 33.
b3 c6 34. Kh4 e4 35. fxe4+ Kxe4 36. Kxh5 Kf5 37. h4 Kf6 38. Kg4 Kg6 39. Ne5+
Kh6 40. Nxc6 Kg6 41. h5+ Kh6 42. Ne7 Kg7 43. Kg5 b5 44. h6+ Kh7 45. Nf5 a4 46.
bxa4 bxa4 47. Nd6 a3 48. Nc4 Kg8 49. Nxa3 Kh8 50. Nc4 Kg8 51. a4 Kf7 52. a5 Ke6
53. h7 Kd5 54. Nb6+ Kd4 55. h8=Q+ Ke4 56. a6 Ke3 57. a7 Ke4 58. a8=Q+ Ke3 59.
Qc3+ Kf2 60. Qaf3+ Kg1 61. Qe1+ Kh2 62. Qef2# 1-0

[Event "NAYCC U14 w"]
[Site "Montreal CAN"]
[Date "2010.08.18"]
[Round "5"]
[White "Yu, Kexin"]
[Black "Kalaydina, Regina Veronicka"]
[Result "1-0"]
[WhiteElo "1381"]
[BlackElo "1763"]
[PlyCount "119"]
[EventDate "2010.08.16"]
[EventType "tourn"]
[EventRounds "7"]
[EventCountry "CAN"]

1. c4 e5 2. Nc3 Nf6 3. d3 d5 4. cxd5 Nxd5 5. Bd2 Be7 6. Nf3 Nc6 7. g3 O-O 8.
Bg2 Be6 9. O-O Nb6 10. Rc1 f6 11. a3 a5 12. Na4 Nxa4 13. Qxa4 Qd7 14. Rfe1 Rfd8
15. Be3 Rab8 16. Qc2 Bf8 17. Nd2 Bd5 18. Ne4 Qf7 19. Nc5 Nd4 20. Bxd5 Qxd5 21.
Qc4 Bxc5 22. Qxc5 Rbc8 23. Bxd4 exd4 24. Qxd5+ Rxd5 25. Rc2 c6 26. Rec1 Re8 27.
Kf1 Rb5 28. Rb1 c5 29. a4 Rb4 30. Rxc5 Rxa4 31. Rb5 Re7 32. Rc1 Rb4 33. Rxb4
axb4 34. Rc4 Rd7 35. Rxb4 Kf7 36. Kg2 Ke6 37. Rb5 Kd6 38. Kf3 Kc6 39. Rb4 Kc5
40. Rc4+ Kd5 41. b4 Ke5 42. Rc5+ Kd6 43. Kf4 Re7 44. e3 g5+ 45. Kf3 Ke6 46. Rc4
Rd7 47. e4 h6 48. Kg4 h5+ 49. Kf3 Rd6 50. h3 Ke7 51. h4 g4+ 52. Kf4 Ke6 53. Rc5
Rb6 54. b5 Rd6 55. Rxh5 Rd8 56. Kxg4 Ra8 57. Rd5 Ra2 58. f4 Rb2 59. h5 Ke7 60.
Kf5 1-0

[Event "NAYCC U14 w"]
[Site "Montreal CAN"]
[Date "2010.08.18"]
[Round "5"]
[White "Yun, Chang"]
[Black "Ma, Indy"]
[Result "1-0"]
[WhiteElo "1521"]
[BlackElo "1283"]
[PlyCount "63"]
[EventDate "2010.08.16"]
[EventType "tourn"]
[EventRounds "7"]
[EventCountry "CAN"]

1. e4 c5 2. Nf3 d6 3. d4 cxd4 4. Nxd4 Nf6 5. Nc3 a6 6. Be2 e5 7. Nb3 Be7 8. O-O
O-O 9. f4 Nbd7 10. a4 Qb6+ 11. Kh1 Qc6 12. Bf3 Nb6 13. a5 Nc4 14. f5 Bd7 15. g4
Ne8 16. Nd5 Bh4 17. g5 Qb5 18. Be2 Rd8 19. Qd3 Nxb2 20. Ne7+ Kh8 21. Qf3 Nc4
22. Qc3 d5 23. exd5 Ned6 24. Nd2 Rfe8 25. f6 gxf6 26. gxf6 Rc8 27. Nxc4 Nxc4
28. Nxc8 Rxc8 29. Qf3 Qc5 30. Bh6 Nd6 31. Qg2 Nf5 32. Rg1 1-0

[Event "NAYCC U14 w"]
[Site "Montreal CAN"]
[Date "2010.08.18"]
[Round "6"]
[White "Hou, Louisa Qianqian"]
[Black "Regam, Jessica"]
[Result "0-1"]
[WhiteElo "1041"]
[BlackElo "1941"]
[PlyCount "146"]
[EventDate "2010.08.16"]
[EventType "tourn"]
[EventRounds "7"]
[EventCountry "CAN"]

1. d4 Nf6 2. Nf3 g6 3. Bg5 Bg7 4. Nbd2 O-O 5. e3 h6 6. Bf4 d6 7. Bd3 Nh5 8. Bg3
Nc6 9. O-O Nxg3 10. hxg3 e5 11. c3 Be6 12. Qc2 Qd7 13. Rfe1 Rad8 14. Rad1 f5
15. dxe5 dxe5 16. Bc4 Bxc4 17. Nxc4 Qf7 18. Qb3 a6 19. Ncd2 Qxb3 20. Nxb3 Rxd1
21. Rxd1 Rd8 22. Rxd8+ Nxd8 23. Nc5 Kf7 24. Kf1 a5 25. a4 b6 26. Nb3 Nb7 27.
Ke2 Ke6 28. Nfd2 Nd6 29. f3 Kd5 30. Nc1 e4 31. Kd1 Be5 32. f4 Bf6 33. Ne2 c5
34. b3 c4 35. Kc2 Kc5 36. Nd4 Bxd4 37. cxd4+ Kd5 38. Kc3 cxb3 39. Kxb3 h5 40.
Nb1 Kc6 41. Nc3 Ne8 42. Kc4 Nc7 43. d5+ Kd6 44. Kd4 Na6 45. Nb5+ Kd7 46. Ke5
Nb4 47. d6 Nc2 48. Nc7 Nxe3 49. Ne6 Nc4+ 50. Kd5 Nxd6 51. Nd4 e3 52. Ne2 b5 53.
axb5 Nxb5 54. Kc4 Kc6 55. Kd3 a4 56. Kxe3 a3 57. Nc1 Nc3 58. Nb3 Kb5 59. Na1
Kb4 60. Kd3 Ne4 61. Kd4 Nxg3 62. Nc2+ Kb3 63. Nxa3 Kxa3 64. Ke5 Kb3 65. Kf6 Kc3
66. Kxg6 Kd3 67. Kg5 Ke3 68. Kh4 Kxf4 69. Kh3 Ne4 70. Kh4 Nf6 71. g3+ Kf3 72.
Kg5 Kxg3 73. Kxf5 Ng4 0-1

[Event "NAYCC U14 w"]
[Site "Montreal CAN"]
[Date "2010.08.18"]
[Round "6"]
[White "Kalaydina, Regina Veronicka"]
[Black "Ma, Indy"]
[Result "0-1"]
[WhiteElo "1763"]
[BlackElo "1283"]
[PlyCount "94"]
[EventDate "2010.08.16"]
[EventType "tourn"]
[EventRounds "7"]
[EventCountry "CAN"]

1. d4 Nf6 2. c4 e6 3. Nf3 d5 4. g3 Bb4+ 5. Bd2 Bxd2+ 6. Nbxd2 O-O 7. Bg2 b6 8.
O-O Bb7 9. Rc1 dxc4 10. Nxc4 Nbd7 11. b4 Rc8 12. Qb3 Qe7 13. Rfd1 Rfd8 14. a3
Ne4 15. Ne3 Ndf6 16. Ne5 Rd6 17. N3c4 Rdd8 18. Qa4 a6 19. Nc6 Qe8 20. N4e5 Nd6
21. e3 Nd5 22. Qb3 Bxc6 23. Nxc6 Rd7 24. Ne5 Rdd8 25. Nc6 Rd7 26. Ne5 Rdd8 27.
Bxd5 exd5 28. Qxd5 Nb5 29. Qa2 c5 30. a4 Nd6 31. bxc5 bxc5 32. dxc5 Qxe5 33.
cxd6 Rxc1 34. Rxc1 Qxd6 35. Qc4 h6 36. Qc6 Qd2 37. Kg2 Qd3 38. Rc3 Qd2 39. a5
Rd6 40. Qe8+ Kh7 41. Qe4+ g6 42. Rc5 Rf6 43. Kh3 Rxf2 44. Qd5 Rxh2+ 45. Kg4
Qe2+ 46. Qf3 f5+ 47. Kf4 g5+ 0-1

[Event "NAYCC U14 w"]
[Site "Montreal CAN"]
[Date "2010.08.18"]
[Round "6"]
[White "Loranger, Erika"]
[Black "Yu, Kexin"]
[Result "0-1"]
[WhiteElo "1096"]
[BlackElo "1494"]
[PlyCount "84"]
[EventDate "2010.08.16"]
[EventType "tourn"]
[EventRounds "7"]
[EventCountry "CAN"]

1. e4 e5 2. Nf3 Nc6 3. Bc4 Bc5 4. Nc3 d6 5. d3 Bg4 6. Be3 Bb6 7. h3 Bh5 8. Qd2
Bxf3 9. gxf3 Nd4 10. Bxd4 Bxd4 11. Rg1 g6 12. O-O-O Nf6 13. Nd5 c6 14. c3 cxd5
15. Bb5+ Nd7 16. cxd4 O-O 17. Bxd7 Qxd7 18. dxe5 dxe5 19. d4 Qc6+ 20. Kb1 dxe4
21. fxe4 Qxe4+ 22. Ka1 Rfd8 23. Rg4 Qf5 24. f4 Rxd4 25. Qe1 Rxf4 26. Rg3 Rc8
27. Rc1 Rxc1+ 28. Qxc1 Rf1 29. Rc3 Rxc1+ 30. Rxc1 Qxh3 31. Kb1 e4 32. Re1 Qd3+
33. Kc1 e3 34. Rd1 Qc4+ 35. Kb1 e2 36. Re1 Qd4 37. Kc1 Qd3 38. a3 f5 39. b3
Qc3+ 40. Kb1 Qxe1+ 41. Kb2 Qd2+ 42. Kb1 e1=Q# 0-1

[Event "NAYCC U14 w"]
[Site "Montreal CAN"]
[Date "2010.08.18"]
[Round "6"]
[White "Zhurbenskiy, Eve"]
[Black "Yun, Chang"]
[Result "1-0"]
[WhiteElo "2003"]
[BlackElo "1521"]
[PlyCount "79"]
[EventDate "2010.08.16"]
[EventType "tourn"]
[EventRounds "7"]
[EventCountry "CAN"]

1. Nf3 Nf6 2. g3 Nc6 3. Bg2 e5 4. d3 Be7 5. Nbd2 d5 6. O-O Bg4 7. h3 Bh5 8. e4
dxe4 9. dxe4 O-O 10. a3 Nd4 11. g4 Nxf3+ 12. Nxf3 Qxd1 13. Rxd1 Bg6 14. Nxe5
Bxe4 15. g5 Bxg2 16. gxf6 Bxf6 17. Nd7 Bf3 18. Nxf6+ gxf6 19. Rd3 Bc6 20. Bh6
Rfe8 21. Rg3+ Kh8 22. Bg7+ Kg8 23. Bxf6+ Kf8 24. Kh2 Re2 25. Bd4 Rxc2 26. Re1
f5 27. Re6 Rd8 28. Rf6+ Ke7 29. Rg7+ Ke8 30. Be3 Rd7 31. Rg8+ Ke7 32. Rxf5 Rd3
33. Kg3 Rd1 34. Kh4 Bd7 35. Bc5+ Ke6 36. Rgf8 Bc6 37. f4 Rd5 38. R5f6+ Kd7 39.
R6f7+ Ke6 40. Re7# 1-0

[Event "NAYCC U14 w"]
[Site "Montreal CAN"]
[Date "2010.08.19"]
[Round "7"]
[White "Loranger, Erika"]
[Black "Kalaydina, Regina Veronicka"]
[Result "0-1"]
[WhiteElo "1096"]
[BlackElo "1763"]
[PlyCount "114"]
[EventDate "2010.08.16"]
[EventType "tourn"]
[EventRounds "7"]
[EventCountry "CAN"]

1. e4 c5 2. Nf3 e6 3. Nc3 Nc6 4. Bc4 d6 5. d3 Nf6 6. Bg5 Be7 7. Bb5 Qc7 8. O-O
O-O 9. Re1 Nd4 10. Re3 Qb6 11. a4 h6 12. Bh4 Nxb5 13. axb5 Bd7 14. e5 dxe5 15.
Rxe5 Rfe8 16. h3 Bxb5 17. d4 Bc6 18. dxc5 Qxb2 19. Na4 Bxf3 20. Nxb2 Bxd1 21.
Rxd1 Rad8 22. Nd3 Nd7 23. Bxe7 Nxe5 24. Bxd8 Rxd8 25. f4 Nxd3 26. cxd3 Kf8 27.
Kf2 Ke7 28. Ke3 Kd7 29. Ra1 Ra8 30. Kd4 Kc6 31. Kc4 a5 32. d4 a4 33. Kb4 Kd5
34. Rxa4 Rxa4+ 35. Kxa4 Kxd4 36. Kb5 Kd5 37. Kb6 f6 38. Kxb7 Kxc5 39. Kc7 e5
40. fxe5 fxe5 41. Kd7 e4 42. Ke6 e3 43. g4 e2 44. Kf5 e1=Q 45. Kg6 Qh4 46. g5
Qxh3 47. gxh6 Qxh6+ 48. Kf5 Qf6+ 49. Kg4 Kd5 50. Kg3 Ke4 51. Kg4 Qf5+ 52. Kh4
g5+ 53. Kg3 Ke3 54. Kg2 Qg4+ 55. Kf1 Qe2+ 56. Kg1 Kf3 57. Kh1 Qg2# 0-1

[Event "NAYCC U14 w"]
[Site "Montreal CAN"]
[Date "2010.08.19"]
[Round "7"]
[White "Ma, Indy"]
[Black "Hou, Louisa Qianqian"]
[Result "1/2-1/2"]
[WhiteElo "1283"]
[BlackElo "1041"]
[PlyCount "134"]
[EventDate "2010.08.16"]
[EventType "tourn"]
[EventRounds "7"]
[EventCountry "CAN"]

1. d4 Nf6 2. c4 g6 3. Nc3 Bg7 4. e4 d6 5. Nf3 O-O 6. Be2 c5 7. d5 Nbd7 8. O-O
Re8 9. Be3 Ng4 10. Bg5 Qc7 11. Qd2 a6 12. h3 Nge5 13. Bh6 Nxf3+ 14. Bxf3 Bh8
15. Rab1 Rb8 16. Be2 Nf6 17. a3 e6 18. Qg5 exd5 19. exd5 Bf5 20. Rbc1 Ne4 21.
Nxe4 Bxe4 22. Rfe1 Bxb2 23. Rcd1 Qd8 24. Qxd8 Rbxd8 25. Bd3 Bxd3 26. Rxe8+ Rxe8
27. Rxd3 Bd4 28. Kf1 b5 29. cxb5 axb5 30. Rb3 Rb8 31. Bf4 c4 32. Rb1 Bc5 33.
Bc1 f5 34. Ke2 Kf7 35. Kf3 Kf6 36. Bb2+ Kf7 37. Bc1 g5 38. g4 Kg6 39. Kg3 fxg4
40. hxg4 h5 41. gxh5+ Kxh5 42. f3 Kg6 43. Kg4 c3 44. Rb3 b4 45. Bxg5 Ra8 46.
axb4 Ra4 47. Rxc3 Rxb4+ 48. f4 Rd4 49. Rf3 Rxd5 50. f5+ Kf7 51. Kh5 Re5 52. Kg4
Re8 53. Rb3 Bd4 54. Rb7+ Kg8 55. f6 Rf8 56. Rg7+ Kh8 57. Kf5 Rg8 58. Rd7 Be5
59. f7 Rf8 60. Bf6+ Kh7 61. Bxe5 dxe5 62. Kxe5 Kg6 63. Ke6 Kg7 64. Re7 Kg6 65.
Re8 Rxf7 66. Rg8+ Rg7 67. Rxg7+ Kxg7 1/2-1/2

[Event "NAYCC U14 w"]
[Site "Montreal CAN"]
[Date "2010.08.19"]
[Round "7"]
[White "Regam, Jessica"]
[Black "Zhurbenskiy, Eve"]
[Result "0-1"]
[WhiteElo "1941"]
[BlackElo "2003"]
[PlyCount "52"]
[EventDate "2010.08.16"]
[EventType "tourn"]
[EventRounds "7"]
[EventCountry "CAN"]

1. e4 Nf6 2. e5 Nd5 3. d4 d6 4. c4 Nb6 5. Nf3 Bg4 6. exd6 exd6 7. Be2 Be7 8.
O-O O-O 9. Nc3 N8d7 10. b3 Bf6 11. Be3 Re8 12. Rc1 Be7 13. Qc2 Nf6 14. Rfd1 c6
15. h3 Bh5 16. Rd2 Bg6 17. Bd3 Qc8 18. Nh4 Bxd3 19. Qxd3 Ng4 20. Nf5 Nxe3 21.
Nxe7+ Rxe7 22. fxe3 Qe6 23. Re2 Rae8 24. e4 Qg6 25. Re3 f5 26. exf5 Qh6 0-1

[Event "NAYCC U14 w"]
[Site "Montreal CAN"]
[Date "2010.08.19"]
[Round "7"]
[White "Yu, Kexin"]
[Black "Yun, Chang"]
[Result "0-1"]
[WhiteElo "1381"]
[BlackElo "1521"]
[PlyCount "74"]
[EventDate "2010.08.16"]
[EventType "tourn"]
[EventRounds "7"]
[EventCountry "CAN"]

1. c4 Nf6 2. Nc3 g6 3. g3 Bg7 4. Bg2 O-O 5. Nf3 d6 6. O-O e5 7. d3 Nc6 8. Rb1
a5 9. Bd2 Nh5 10. Qb3 Kh8 11. Nd5 h6 12. Bc3 f5 13. Nh4 Kh7 14. Bf3 Nf6 15. Bg2
Nd4 16. Bxd4 exd4 17. Nxf6+ Bxf6 18. Nf3 g5 19. Rbc1 g4 20. Nd2 Bg5 21. Rc2 Qe7
22. a4 Kg6 23. f4 Bf6 24. Nb1 Qe3+ 25. Kh1 h5 26. Rg1 h4 27. Bf1 Rh8 28. Nd2
hxg3 29. Rxg3 Qxg3 30. Nf3 gxf3 31. exf3 Qxf3+ 32. Rg2+ Kh6 33. Be2 Qe3 34. c5
Be6 35. Qc2 Bd5 36. Bf1 Bxg2+ 37. Bxg2 Qe1+ 0-1

[Event "NAYCC U16"]
[Site "Montreal CAN"]
[Date "2010.08.16"]
[Round "1"]
[White "Boni-Rowe, Nicolas"]
[Black "Finney, Stuart"]
[Result "0-1"]
[WhiteElo "1511"]
[BlackElo "2175"]
[PlyCount "62"]
[EventDate "2010.08.16"]
[EventType "swiss"]
[EventRounds "7"]
[EventCountry "CAN"]

1. e4 c5 2. Nc3 Nc6 3. g4 g6 4. d3 Bg7 5. h3 e6 6. Nf3 Nge7 7. Bg2 O-O 8. O-O
a6 9. Nh4 d6 10. f4 f5 11. exf5 exf5 12. gxf5 Nxf5 13. Nxf5 Bxf5 14. Bd5+ Kh8
15. Qf3 Nd4 16. Qg2 Qd7 17. Kh2 Rab8 18. Ne4 Nc6 19. Ng3 Be6 20. Bxe6 Qxe6 21.
c3 Ne7 22. Bd2 Nf5 23. Qe4 Qd7 24. Rae1 d5 25. Qe6 Qb5 26. Qxd5 Rbd8 27. Qg2
Nh4 28. Qe4 Rfe8 29. c4 Rxe4 30. cxb5 Rxe1 31. Rxe1 Nf3+ 0-1

[Event "NAYCC U16"]
[Site "Montreal CAN"]
[Date "2010.08.16"]
[Round "1"]
[White "Calugar, Arthur"]
[Black "Sarrazin-Gendron, Roman"]
[Result "1-0"]
[WhiteElo "2399"]
[BlackElo "2018"]
[PlyCount "135"]
[EventDate "2010.08.16"]
[EventType "swiss"]
[EventRounds "7"]
[EventCountry "CAN"]

1. e4 d6 2. d4 Nf6 3. Nc3 g6 4. Bg5 Bg7 5. f4 O-O 6. Qd2 c6 7. a4 a5 8. Nf3 Na6
9. Bd3 Qb6 10. e5 Re8 11. O-O dxe5 12. fxe5 Ng4 13. Rae1 Nxe5 14. Nxe5 Qxd4+
15. Qf2 Qxf2+ 16. Rxf2 Be6 17. Bxa6 Rxa6 18. Bf4 Rb6 19. b3 Rb4 20. Re4 Rd8 21.
Rfe2 Bf5 22. Rxb4 axb4 23. Ne4 Rd4 24. Rd2 Rxd2 25. Nxd2 Bxc2 26. Nef3 Bc3 27.
Kf2 f6 28. Be3 e5 29. Ne1 Bf5 30. a5 Kf7 31. Ke2 Be6 32. Nd3 f5 33. g3 Ke8 34.
Nc5 Bc8 35. Nc4 Kd8 36. Na4 Ba1 37. Bg5+ Kc7 38. Nc5 Bd4 39. Be3 Bc3 40. Na4
Ba1 41. Bc5 Be6 42. Bd6+ Kd8 43. Bxb4 f4 44. Bd6 Bg4+ 45. Ke1 fxg3 46. hxg3 Be6
47. Nab6 Bd4 48. b4 e4 49. Bf4 Ke7 50. Bg5+ Kf8 51. Nd6 Bc3+ 52. Bd2 Be5 53.
Bf4 Bc3+ 54. Kf2 Bxb4 55. Nxb7 Bc3 56. a6 Bd4+ 57. Be3 Bxb6 58. Bxb6 Bc8 59.
Nc5 Bxa6 60. Nxa6 Kf7 61. Ke3 Kf6 62. Kxe4 Kg5 63. Kf3 h5 64. Nb4 Kf5 65. Nxc6
g5 66. Bd8 h4 67. g4+ Kg6 68. Bc7 1-0

[Event "NAYCC U16"]
[Site "Montreal CAN"]
[Date "2010.08.16"]
[Round "1"]
[White "Chiang, Michael"]
[Black "Sapozhnikov, Roman"]
[Result "1-0"]
[WhiteElo "2085"]
[BlackElo "2416"]
[PlyCount "109"]
[EventDate "2010.08.16"]
[EventType "swiss"]
[EventRounds "7"]
[EventCountry "CAN"]

1. e4 c5 2. Nf3 Nc6 3. d4 cxd4 4. Nxd4 Nf6 5. Nc3 d6 6. f3 e5 7. Nb3 Be7 8. Be3
O-O 9. Qd2 Be6 10. O-O-O a5 11. Kb1 a4 12. Nc1 a3 13. b3 Nb4 14. g4 Rc8 15. g5
Nh5 16. Nd3 d5 17. Nxd5 Nxd5 18. exd5 Qxd5 19. Nf2 Qc6 20. Ne4 Rfd8 21. Bd3 Bb4
22. Qg2 Bc3 23. Bb5 Qxb5 24. Nxc3 Qc6 25. Ne4 Bf5 26. Bc1 Qa6 27. Qf2 Qc6 28.
Bxa3 Bxe4 29. fxe4 Qxe4 30. Rhe1 Rxd1+ 31. Rxd1 Nf4 32. Qd2 Ne6 33. Bb2 Qf5 34.
h4 e4 35. Qd5 Qg4 36. Re1 Qxh4 37. Rxe4 Qxg5 38. Qxb7 Rd8 39. Re1 h5 40. a4 h4
41. Re5 Qg1+ 42. Ka2 h3 43. Qe7 h2 44. Rxe6 h1=Q 45. Qxd8+ Kh7 46. Qd3+ g6 47.
Re8 Qb1+ 48. Ka3 f6 49. Qd7+ Kh6 50. Rh8+ Kg5 51. Rxh1 Qxh1 52. Qe7 Qf3 53.
Qxf6+ Qxf6 54. Bxf6+ Kxf6 55. a5 1-0